00466nam a22001577a 450000500170000002000220001703500130003903700130005210000170006524500990008225000180018126000430019930000250024270000200026770000210028720120218124231.0 a0070586608c00.00 aB-147127 aDPLbENG aJames, David aOracle e-business suite financial handbook /cby David James, Simon Russell and Graham Seibert a5th rpr. 2006 aNew DelhibTata McGraw-Hill Publishing axlvi, 873p.c24 cms. aRussell, Simon  aSeibert, Graham